[Event "GER-ch U25 op"]
[Site "Willingen"]
[Date "2008.05.16"]
[Round "8"]
[White "Bangert, Benjamin"]
[Black "Kostka, Daniel"]
[Result "0-1"]
[WhiteElo "1227"]
[BlackElo "1572"]
[PlyCount "88"]
[EventDate "2008.05.11"]
[EventType "swiss"]
[EventRounds "9"]
[EventCountry "GER"]
[SourceTitle "CBM 124 Extra"]
[Source "ChessBase"]
[SourceDate "2008.07.03"]
[SourceVersion "1"]
[SourceVersionDate "2008.07.03"]
[SourceQuality "1"]

1. c4 e6 2. Nc3 Nf6 3. Nf3 d5 4. cxd5 exd5 5. d4 Bd6 6. Bg5 Be6 7. e3 Nbd7 8. Bd3 h6 9. Bh4 c6 10. 0-0 Qc7 11. Bg3 Bxg3 12. fxg3 0-0 13. Qc2 Rac8 14. b4 Rfe8 15. Rfe1 Bg4 16. Qd2 Ne4 17. Qc2 Nxc3 18. Qxc3 Re6 19. a3 Rce8 20. Re2 Nf6 21. Rae1 Ne4 22. Qc2 Bxf3 23. gxf3 Ng5 24. Kg2 Rf6 25. Rf1 Qd7 26. g4 g6 27. h3 Rfe6 28. Rfe1 Qd8 29. Qd2 Nh7 30. Kg3 Nf6 31. Qc2 Nd7 32. a4 Nf8 33. a5 Qd6+ 34. Kg2 Qxb4 35. Qc5 Qxc5 36. dxc5 Nd7 37. Bc2 Nxc5 38. e4 d4 39. Rd2 Rd8 40. Kg3 Red6 41. Red1 b6 42. axb6 axb6 43. Kf4 Ne6+ 44. Kg3 c5 0-1

[Event "GER-ch U25 op"]
[Site "Willingen"]
[Date "2008.05.15"]
[Round "7"]
[White "Kostka, Daniel"]
[Black "Gheng, Hannelore"]
[Result "1/2-1/2"]
[WhiteElo "1572"]
[BlackElo "1439"]
[PlyCount "43"]
[EventDate "2008.05.11"]
[EventType "swiss"]
[EventRounds "9"]
[EventCountry "GER"]
[SourceTitle "CBM 124 Extra"]
[Source "ChessBase"]
[SourceDate "2008.07.03"]
[SourceVersion "1"]
[SourceVersionDate "2008.07.03"]
[SourceQuality "1"]

1. e4 c5 2. Nf3 d6 3. d4 cxd4 4. Nxd4 Nf6 5. Nc3 g6 6. Bd3 Bg7 7. Be3 0-0 8. Qd2 Nc6 9. Nxc6 bxc6 10. h3 c5 11. 0-0 Bb7 12. f3 Qc7 13. Bc4 Rad8 14. Rfd1 d5 15. exd5 Nxd5 16. Bxd5 e6 17. Qf2 exd5 18. Bxc5 Rfe8 19. Nb5 Qa5 20. Nxa7 d4 21. b4 Qa4 22. Bxd4 1/2-1/2

[Event "GER-ch U25 op"]
[Site "Willingen"]
[Date "2008.05.13"]
[Round "5"]
[White "Kostka, Daniel"]
[Black "Ludwig, Jan"]
[Result "0-1"]
[WhiteElo "1572"]
[BlackElo "1957"]
[PlyCount "44"]
[EventDate "2008.05.11"]
[EventType "swiss"]
[EventRounds "9"]
[EventCountry "GER"]
[SourceTitle "CBM 124 Extra"]
[Source "ChessBase"]
[SourceDate "2008.07.03"]
[SourceVersion "1"]
[SourceVersionDate "2008.07.03"]
[SourceQuality "1"]

1. e4 d5 2. exd5 Qxd5 3. Nc3 Qd6 4. d4 Nf6 5. Bd3 g6 6. Nge2 Bg7 7. Bf4 Qd8 8. Qd2 Nc6 9. 0-0-0 0-0 10. Bc4 a6 11. Rhe1 b5 12. Bxb5 axb5 13. Nxb5 Nd5 14. Nec3 Ncb4 15. a3 Nxc3 16. Nxc3 Nd5 17. Nxd5 Qxd5 18. Rxe7 c5 19. Be5 Qa2 20. Qc3 cxd4 21. Qxd4 Bxe5 22. Rxe5 Be6 0-1

[Event "Wuerttemberg-ch U14"]
[Site "Friedrichshafen"]
[Date "2005.04.02"]
[Round "7"]
[White "Liebscher, Joerg"]
[Black "Kostka, Daniel"]
[Result "0-1"]
[WhiteElo "1100"]
[BlackElo "1308"]
[PlyCount "44"]
[EventDate "2005.03.29"]
[EventType "swiss"]
[EventRounds "7"]
[EventCountry "GER"]
[SourceTitle "EXT 2007"]
[Source "ChessBase"]
[SourceDate "2006.11.23"]
[SourceVersion "1"]
[SourceVersionDate "2006.11.23"]
[SourceQuality "1"]

1. e4 e6 2. d4 d5 3. e5 c5 4. c3 Qb6 5. Be3 Qxb2 6. Nd2 Qxc3 7. dxc5 Qxe5 8. Bb5+ Nc6 9. Qa4 Qxa1+ 10. Ke2 Bd7 11. Bxc6 bxc6 12. Qb3 Bc8 13. Qa4 Bb7 14. Qb3 Rb8 15. Bf4 e5 16. Be3 Ba6+ 17. Kf3 Rxb3 18. axb3 d4 19. Bg5 f6 20. Bh4 Qc3+ 21. Kg4 Nh6+ 22. Kh5 g6# 0-1

[Event "Wuerttemberg-ch U14"]
[Site "Friedrichshafen"]
[Date "2005.03.30"]
[Round "3"]
[White "Fuerderer, Carl"]
[Black "Kostka, Daniel"]
[Result "1/2-1/2"]
[WhiteElo "1231"]
[BlackElo "1308"]
[PlyCount "42"]
[EventDate "2005.03.29"]
[EventType "swiss"]
[EventRounds "7"]
[EventCountry "GER"]
[SourceTitle "EXT 2007"]
[Source "ChessBase"]
[SourceDate "2006.11.23"]
[SourceVersion "1"]
[SourceVersionDate "2006.11.23"]
[SourceQuality "1"]

1. e4 e6 2. d4 d5 3. exd5 exd5 4. Nf3 Nc6 5. c4 Bg4 6. Be3 Bb4+ 7. Nc3 Nf6 8. c5 Qe7 9. Be2 0-0 10. 0-0 Bxc3 11. bxc3 b6 12. cxb6 axb6 13. h3 Bf5 14. Qb3 Ra3 15. Qb2 Ne4 16. Bd3 Rfa8 17. Rfe1 Qd7 18. Bb5 Qd6 19. c4 Qb4 20. Reb1 Qxb2 21. Rxb2 Ne7 1/2-1/2